000 00584nam a2200181 4500
001 136690
003 ES-MaACL
005 20230906195213.0
007 t|
008 070214s1968 sp r ||||1| spa d
100 1 _aSagardía, Ángel.
_9139049
245 1 3 _aEl musico zaragozano Zacarías López Debesa /
_cAngel Sagardía.
260 _aZaragoza :
_bDiputación Provincial,
_c1968.
300 _a4 h. ;
_c26 cm.
500 _aEs tirada aparte de `Zaragoza`, XXVIII.
710 1 _aZaragoza (Provincia).
_bDiputación Provincial.
_97585
852 _aES-MaACL
_j2070-F-27
_bR.72427
999 _c136690
_d136690